[Event "World Chess Olympiad 2018"]
[Site "Batumi"]
[Date "2018.09.26"]
[Round "3"]
[Board "3"]
[WhiteFideId "5704154"]
[White "Zulkipli Zaidan"]
[BlackFideId "10300198"]
[Black "AlShourfaa Hazaa"]
[Result "1-0"]
[LiveChessVersion "1.4.8"]
[BlackElo "1783"]
[WhiteElo "2203"]

1. d4 {[%clk 1:30:43]} d5 {[%clk 1:30:42]} 2. c4 {[%clk 1:31:09]} Nc6
{[%clk 1:31:08]} 3. Nc3 {[%clk 1:31:29]} Nf6 {[%clk 1:31:28]} 4. Nf3
{[%clk 1:31:40]} Bg4 {[%clk 1:29:15]} 5. cxd5 {[%clk 1:30:48]} Nxd5
{[%clk 1:29:33]} 6. e4 {[%clk 1:31:14]} Nxc3 {[%clk 1:29:34]} 7. bxc3
{[%clk 1:31:42]} e6 {[%clk 1:20:22]} 8. Bb5 {[%clk 1:30:05]} Bxf3
{[%clk 1:18:36]} 9. Qxf3 {[%clk 1:29:23]} a6 {[%clk 1:18:22]} 10. Bxc6+
{[%clk 1:27:23]} bxc6 {[%clk 1:18:51]} 11. O-O {[%clk 1:27:45]} g6
{[%clk 1:16:45]} 12. Rb1 {[%clk 1:26:44]} c5 {[%clk 1:08:25]} 13. Rd1
{[%clk 1:26:17]} Bg7 {[%clk 1:05:39]} 14. Ba3 {[%clk 1:26:13]} cxd4
{[%clk 0:54:14]} 15. cxd4 {[%clk 1:26:24]} Bf8 {[%clk 0:52:39]} 16. Bb2
{[%clk 1:24:57]} Be7 {[%clk 0:48:09]} 17. d5 {[%clk 1:24:52]} O-O
{[%clk 0:48:20]} 18. dxe6 {[%clk 1:21:57]} Qe8 {[%clk 0:47:12]} 19. Qc3
{[%clk 1:22:22]} f6 {[%clk 0:47:17]} 20. Rd7 {[%clk 1:22:22]} Bd6
{[%clk 0:38:38]} 21. Qc4 {[%clk 1:19:27]} Rb8 {[%clk 0:38:04]} 22. a3
{[%clk 1:14:26]} Be5 {[%clk 0:32:49]} 23. g3 {[%clk 1:13:09]} Bxb2
{[%clk 0:24:33]} 24. Qxc7 {[%clk 1:12:32]} f5 {[%clk 0:22:57]} 25. Rxb2
{[%clk 1:12:56]} Qxd7 {[%clk 0:22:57]} 26. exd7 {[%clk 1:13:17]} Rxb2
{[%clk 0:22:34]} 27. Qc4+ {[%clk 1:13:40]} 1-0

[Event "World Chess Olympiad 2018"]
[Site "Batumi"]
[Date "2018.09.26"]
[Round "3"]
[Board "4"]
[WhiteFideId "10300015"]
[White "Alothman Abdul Wahab"]
[BlackFideId "5702640"]
[Black "Fong Yit San"]
[Result "1/2-1/2"]
[LiveChessVersion "1.4.8"]
[BlackElo "2108"]
[WhiteElo "1911"]

1. d4 {[%clk 1:30:52]} Nf6 {[%clk 1:30:37]} 2. Nf3 {[%clk 1:31:14]} e6
{[%clk 1:30:25]} 3. c4 {[%clk 1:31:23]} d5 {[%clk 1:22:37]} 4. Nc3
{[%clk 1:31:30]} Be7 {[%clk 1:22:02]} 5. Bf4 {[%clk 1:30:49]} O-O
{[%clk 1:21:42]} 6. e3 {[%clk 1:31:03]} c6 {[%clk 1:21:47]} 7. c5
{[%clk 1:27:58]} b6 {[%clk 1:18:48]} 8. b4 {[%clk 1:25:00]} a5 {[%clk 1:14:14]}
9. a3 {[%clk 1:23:55]} bxc5 {[%clk 0:37:04]} 10. bxc5 {[%clk 1:23:28]} Nbd7
{[%clk 0:35:02]} 11. Qa4 {[%clk 1:14:05]} Bb7 {[%clk 0:33:19]} 12. h3
{[%clk 1:08:55]} Ne4 {[%clk 0:26:12]} 13. Nxe4 {[%clk 1:07:19]} dxe4
{[%clk 0:26:29]} 14. Ne5 {[%clk 1:05:05]} Nxe5 {[%clk 0:26:13]} 15. Bxe5
{[%clk 1:05:23]} Bf6 {[%clk 0:20:56]} 16. Rb1 {[%clk 1:01:19]} Bxe5
{[%clk 0:06:48]} 17. Rxb7 {[%clk 1:01:17]} Bf6 {[%clk 0:07:13]} 18. Qxc6
{[%clk 1:00:24]} Bxd4 {[%clk 0:07:29]} 19. Qxe4 {[%clk 0:49:48]} Bc3+
{[%clk 0:05:35]} 20. Ke2 {[%clk 0:50:10]} Rc8 {[%clk 0:03:05]} 21. c6
{[%clk 0:50:08]} Qd6 {[%clk 0:02:44]} 22. Rd7 {[%clk 0:47:39]} Qxa3
{[%clk 0:02:51]} 23. Kf3 {[%clk 0:48:01]} Qc5 {[%clk 0:02:47]} 24. Bd3
{[%clk 0:47:38]} Qxc6 {[%clk 0:02:31]} 25. Qxc6 {[%clk 0:46:56]} Rxc6
{[%clk 0:02:58]} 26. Ra7 {[%clk 0:46:37]} Bb4 {[%clk 0:03:09]} 27. Bb5
{[%clk 0:46:38]} Rb6 {[%clk 0:02:49]} 28. Bd7 {[%clk 0:45:56]} Rfb8
{[%clk 0:01:50]} 29. Rc1 {[%clk 0:46:16]} R6b7 {[%clk 0:01:51]} 30. Rxb7
{[%clk 0:38:13]} Rxb7 {[%clk 0:02:19]} 31. Rc8+ {[%clk 0:38:26]} Bf8
{[%clk 0:02:47]} 32. Bc6 {[%clk 0:38:36]} Ra7 {[%clk 0:03:12]} 33. Ba4
{[%clk 0:33:04]} g6 {[%clk 0:03:34]} 34. g4 {[%clk 0:30:17]} Kg7 {[%clk 0:03:50]}
35. g5 {[%clk 0:29:53]} Be7 {[%clk 0:03:35]} 36. h4 {[%clk 0:29:57]} Rb7
{[%clk 0:03:21]} 37. Ra8 {[%clk 0:30:00]} Rb4 {[%clk 0:03:00]} 38. Rxa5
{[%clk 0:29:52]} Rxh4 {[%clk 0:02:44]} 39. Kg3 {[%clk 0:27:35]} Rc4
{[%clk 0:02:35]} 40. Bb3 {[%clk 0:56:30]} Rb4 {[%clk 0:32:42]} 41. Ba2
{[%clk 0:54:05]} Bd6+ {[%clk 0:28:51]} 42. f4 {[%clk 0:52:38]} Rb7
{[%clk 0:27:06]} 43. Kf3 {[%clk 0:50:24]} Rc7 {[%clk 0:26:56]} 44. Bb1
{[%clk 0:47:53]} Rc3 {[%clk 0:26:36]} 45. Ke2 {[%clk 0:47:28]} Rc1
{[%clk 0:20:29]} 46. Be4 {[%clk 0:43:39]} Bb4 {[%clk 0:18:15]} 47. Rb5
{[%clk 0:42:41]} Bd6 {[%clk 0:15:30]} 48. Rb6 {[%clk 0:41:41]} Ba3
{[%clk 0:11:02]} 49. Rc6 {[%clk 0:36:11]} Rg1 {[%clk 0:07:47]} 50. Ra6
{[%clk 0:35:48]} Bc5 {[%clk 0:07:20]} 51. Rc6 {[%clk 0:33:59]} Bf8
{[%clk 0:07:45]} 52. Rc7 {[%clk 0:30:39]} Ra1 {[%clk 0:07:26]} 53. Rc4
{[%clk 0:26:44]} Ra5 {[%clk 0:07:39]} 54. Bd3 {[%clk 0:24:51]} Ra7
{[%clk 0:06:27]} 55. Be4 {[%clk 0:24:44]} h6 {[%clk 0:06:49]} 56. gxh6+
{[%clk 0:24:32]} Kxh6 {[%clk 0:07:17]} 57. Rc8 {[%clk 0:24:17]} Kg7
{[%clk 0:07:01]} 58. Ra8 {[%clk 0:24:22]} Rc7 {[%clk 0:07:24]} 59. Ra6
{[%clk 0:23:08]} Be7 {[%clk 0:07:13]} 60. Rb6 {[%clk 0:22:16]} Rc4
{[%clk 0:06:22]} 61. Bd3 {[%clk 0:21:46]} Ra4 {[%clk 0:05:55]} 62. Rc6
{[%clk 0:21:55]} Kf6 {[%clk 0:06:10]} 63. Kf3 {[%clk 0:18:58]} Ra3
{[%clk 0:05:56]} 64. Ke2 {[%clk 0:18:48]} g5 {[%clk 0:05:06]} 65. fxg5+
{[%clk 0:17:45]} Kxg5 {[%clk 0:05:34]} 66. Ra6 {[%clk 0:17:41]} Rb3
{[%clk 0:05:40]} 67. Ra5+ {[%clk 0:16:02]} Kf6 {[%clk 0:05:36]} 68. Rb5
{[%clk 0:16:10]} Ra3 {[%clk 0:05:54]} 69. Bc4 {[%clk 0:15:33]} Bf8
{[%clk 0:05:49]} 70. Rb3 {[%clk 0:14:35]} Ra2+ {[%clk 0:05:57]} 71. Kf3
{[%clk 0:14:57]} Rh2 {[%clk 0:06:00]} 72. Bf1 {[%clk 0:14:18]} Bc5
{[%clk 0:05:44]} 73. Bg2 {[%clk 0:14:06]} Ke5 {[%clk 0:05:44]} 74. Kg3
{[%clk 0:12:08]} Rh8 {[%clk 0:06:01]} 75. Rd3 {[%clk 0:12:07]} Rb8
{[%clk 0:06:02]} 76. Bf3 {[%clk 0:12:09]} Rb2 {[%clk 0:06:00]} 77. e4
{[%clk 0:11:07]} Bf2+ {[%clk 0:06:15]} 78. Kg4 {[%clk 0:11:14]} Rb1
{[%clk 0:06:15]} 79. Bg2 {[%clk 0:10:43]} Bd4 {[%clk 0:05:41]} 80. Ra3
{[%clk 0:10:26]} Rc1 {[%clk 0:05:29]} 81. Ra5+ {[%clk 0:10:10]} Bc5
{[%clk 0:05:52]} 82. Rb5 {[%clk 0:10:09]} Rc3 {[%clk 0:06:05]} 83. Bf3
{[%clk 0:09:49]} f6 {[%clk 0:05:49]} 84. Bg2 {[%clk 0:09:24]} Rc1
{[%clk 0:05:32]} 85. Kg3 {[%clk 0:09:22]} Kd4 {[%clk 0:05:36]} 86. Rb3
{[%clk 0:09:09]} Bd6+ {[%clk 0:05:38]} 87. Kf3 {[%clk 0:06:57]} Rc2
{[%clk 0:05:43]} 88. Bf1 {[%clk 0:06:33]} Bc5 {[%clk 0:05:55]} 89. Bd3
{[%clk 0:06:06]} Ra2 {[%clk 0:05:31]} 90. Bb1 {[%clk 0:06:00]} Rh2
{[%clk 0:05:11]} 91. Rd3+ {[%clk 0:06:10]} Ke5 {[%clk 0:05:12]} 92. Rd1
{[%clk 0:06:22]} Rh3+ {[%clk 0:04:57]} 93. Kg2 {[%clk 0:06:32]} Rc3
{[%clk 0:05:02]} 94. Rh1 {[%clk 0:06:42]} Be3 {[%clk 0:05:03]} 95. Rh5+
{[%clk 0:06:31]} Bg5 {[%clk 0:05:27]} 96. Rh1 {[%clk 0:06:39]} Rb3
{[%clk 0:05:36]} 97. Re1 {[%clk 0:06:53]} Kf4 {[%clk 0:05:26]} 98. Rf1+
{[%clk 0:07:03]} Kg4 {[%clk 0:05:41]} 99. Bc2 {[%clk 0:07:09]} Rg3+
{[%clk 0:05:05]} 100. Kf2 {[%clk 0:07:15]} Kf4 {[%clk 0:04:39]} 101. Ke2+
{[%clk 0:07:31]} Ke5 {[%clk 0:04:58]} 102. Kf2 {[%clk 0:05:22]} Bh4
{[%clk 0:04:20]} 103. Ke2 {[%clk 0:04:38]} Rg2+ {[%clk 0:04:41]} 104. Kd3
{[%clk 0:04:55]} Bg5 {[%clk 0:04:53]} 105. Re1 {[%clk 0:04:38]} Rd2+
{[%clk 0:04:58]} 106. Kc3 {[%clk 0:04:59]} Rd8 {[%clk 0:05:06]} 107. Bd3
{[%clk 0:05:11]} Rc8+ {[%clk 0:05:20]} 108. Kb2 {[%clk 0:04:33]} Bd2
{[%clk 0:04:58]} 109. Re2 {[%clk 0:04:41]} Bg5 {[%clk 0:04:55]} 110. Bc2
{[%clk 0:04:52]} Kd4 {[%clk 0:05:07]} 111. Bb1 {[%clk 0:03:26]} Bc1+
{[%clk 0:05:00]} 112. Ka2 {[%clk 0:02:16]} Rc5 {[%clk 0:04:44]} 113. Kb3
{[%clk 0:01:49]} Rb5+ {[%clk 0:04:15]} 114. Ka2 {[%clk 0:02:08]} f5
{[%clk 0:03:21]} 115. exf5 {[%clk 0:01:59]} exf5 {[%clk 0:03:44]} 116. Bxf5
{[%clk 0:02:01]} Rxf5 {[%clk 0:04:08]} 117. Kb3 {[%clk 0:02:15]} Rb5+
{[%clk 0:03:09]} 118. Ka4 {[%clk 0:01:58]} Rb7 {[%clk 0:03:23]} 119. Rc2
{[%clk 0:02:19]} Bf4 {[%clk 0:03:37]} 120. Rc8 {[%clk 0:02:32]} Bd6
{[%clk 0:03:55]} 121. Rc2 {[%clk 0:02:22]} Bb4 {[%clk 0:03:47]} 122. Rh2
{[%clk 0:02:15]} Bc3 {[%clk 0:03:02]} 123. Rh4+ {[%clk 0:02:36]} Kc5
{[%clk 0:03:20]} 124. Rh5+ {[%clk 0:02:58]} Kc4 {[%clk 0:03:42]} 125. Rh4+
{[%clk 0:02:44]} Bd4 {[%clk 0:04:04]} 126. Rh5 {[%clk 0:03:03]} Rb8
{[%clk 0:02:14]} 127. Rg5 {[%clk 0:03:01]} Rb4+ {[%clk 0:01:07]} 128. Ka5
{[%clk 0:02:47]} Rb7 {[%clk 0:01:28]} 129. Rg6 {[%clk 0:03:01]} Rb1
{[%clk 0:01:22]} 130. Rc6+ {[%clk 0:02:05]} Bc5 {[%clk 0:01:32]} 131. Ka6
{[%clk 0:02:08]} Kd5 {[%clk 0:01:24]} 132. Rh6 {[%clk 0:02:21]} Ra1+
{[%clk 0:01:40]} 133. Kb5 {[%clk 0:02:30]} Rb1+ {[%clk 0:02:06]} 134. Ka6
{[%clk 0:02:07]} Bd6 {[%clk 0:02:31]} 135. Rh5+ {[%clk 0:02:15]} Kc6
{[%clk 0:02:50]} 136. Rg5 {[%clk 0:02:21]} Rb2 {[%clk 0:01:50]} 137. Rh5
{[%clk 0:02:42]} Rg2 {[%clk 0:01:39]} 138. Rf5 {[%clk 0:02:29]} Rg3
{[%clk 0:01:28]} 139. Rh5 {[%clk 0:02:47]} Rg2 {[%clk 0:01:39]} 140. Rf5
{[%clk 0:03:05]} Be7 {[%clk 0:02:00]} 141. Rh5 {[%clk 0:02:49]} Rg8
{[%clk 0:01:30]} 142. Rh6+ {[%clk 0:02:47]} Bd6 {[%clk 0:01:59]} 143. Rh7
{[%clk 0:03:00]} Rb8 {[%clk 0:01:33]} 144. Rg7 {[%clk 0:03:11]} Rd8
{[%clk 0:01:15]} 145. Rh7 {[%clk 0:03:22]} Bf8 {[%clk 0:01:20]} 146. Rf7
{[%clk 0:03:37]} Rd3 {[%clk 0:00:58]} 147. Rf5 {[%clk 0:03:31]} Ra3+
{[%clk 0:00:49]} 148. Ra5 {[%clk 0:03:52]} Rg3 {[%clk 0:01:09]} 149. Rf5
{[%clk 0:03:28]} Be7 {[%clk 0:01:13]} 150. Rh5 {[%clk 0:03:33]} Ra3+
{[%clk 0:01:18]} 151. Ra5 {[%clk 0:03:55]} Rb3 {[%clk 0:01:45]} 152. Rh5
{[%clk 0:04:06]} Rb6+ {[%clk 0:01:18]} 153. Ka5 {[%clk 0:04:06]} Rb3
{[%clk 0:01:26]} 154. Rh6+ {[%clk 0:04:10]} Bd6 {[%clk 0:01:46]} 155. Rh4
{[%clk 0:04:27]} Rb8 {[%clk 0:01:15]} 156. Ka4 {[%clk 0:04:03]} Kd5
{[%clk 0:01:38]} 157. Rh5+ {[%clk 0:04:12]} Be5 {[%clk 0:01:58]} 158. Rh4
{[%clk 0:03:24]} Bd4 {[%clk 0:02:23]} 159. Rh5+ {[%clk 0:03:39]} Kc4
{[%clk 0:02:50]} 160. Rg5 {[%clk 0:03:36]} Ra8+ {[%clk 0:01:36]} 161. Ra5
{[%clk 0:03:57]} Rg8 {[%clk 0:02:03]} 162. Rh5 {[%clk 0:04:10]} Rg1
{[%clk 0:01:05]} 163. Rh3 {[%clk 0:04:30]} Bf6 {[%clk 0:00:55]} 164. Rf3
{[%clk 0:04:38]} Be5 {[%clk 0:01:08]} 165. Rh3 {[%clk 0:02:24]} Ra1+
{[%clk 0:01:11]} 166. Ra3 {[%clk 0:02:45]} Rh1 {[%clk 0:01:37]} 167. Re3
{[%clk 0:02:02]} Rh6 {[%clk 0:01:58]} 1/2-1/2

[Event "World Chess Olympiad 2018"]
[Site "Batumi"]
[Date "2018.09.26"]
[Round "3"]
[Board "1"]
[WhiteFideId "9200711"]
[White "Alharari Mohammed Alsouri"]
[BlackFideId "11200243"]
[Black "Ayyad Husain"]
[Result "0-1"]
[LiveChessVersion "1.4.8"]
[BlackElo "2243"]
[WhiteElo "2038"]

1. d4 {[%clk 1:30:57]} Nf6 {[%clk 1:29:42]} 2. Nf3 {[%clk 1:31:19]} e6
{[%clk 1:30:07]} 3. Bf4 {[%clk 1:31:43]} c5 {[%clk 1:30:30]} 4. e3
{[%clk 1:29:18]} Qb6 {[%clk 1:30:42]} 5. Qc1 {[%clk 1:25:45]} Nc6
{[%clk 1:30:26]} 6. c3 {[%clk 1:25:27]} Nh5 {[%clk 1:30:51]} 7. Bg5
{[%clk 1:21:28]} h6 {[%clk 1:29:59]} 8. Bh4 {[%clk 1:21:51]} g5 {[%clk 1:30:23]}
9. Bg3 {[%clk 1:22:17]} g4 {[%clk 1:25:36]} 10. Nfd2 {[%clk 1:15:07]} Nxg3
{[%clk 1:25:54]} 11. hxg3 {[%clk 1:15:31]} d5 {[%clk 1:24:46]} 12. dxc5
{[%clk 1:08:34]} Bxc5 {[%clk 1:23:11]} 13. Nb3 {[%clk 1:08:20]} Be7
{[%clk 1:21:39]} 14. Be2 {[%clk 1:08:03]} f5 {[%clk 1:20:34]} 15. N1d2
{[%clk 1:04:50]} Bd7 {[%clk 1:20:41]} 16. Qc2 {[%clk 0:56:07]} O-O-O
{[%clk 1:18:26]} 17. Nc1 {[%clk 0:54:03]} Kb8 {[%clk 1:14:26]} 18. Nd3
{[%clk 0:51:26]} e5 {[%clk 1:03:10]} 19. Qb3 {[%clk 0:41:17]} Qa5
{[%clk 0:53:20]} 20. Rd1 {[%clk 0:30:55]} h5 {[%clk 0:43:15]} 21. Kf1
{[%clk 0:19:08]} Rdf8 {[%clk 0:39:55]} 22. a3 {[%clk 0:16:40]} Bg5
{[%clk 0:36:19]} 23. Nb4 {[%clk 0:11:44]} Ne7 {[%clk 0:36:36]} 24. Qa2
{[%clk 0:10:41]} f4 {[%clk 0:34:29]} 25. gxf4 {[%clk 0:08:05]} exf4
{[%clk 0:34:21]} 26. e4 {[%clk 0:07:07]} f3 {[%clk 0:33:03]} 27. gxf3
{[%clk 0:06:06]} Bxd2 {[%clk 0:33:21]} 28. Rxd2 {[%clk 0:06:14]} gxf3
{[%clk 0:33:43]} 29. Bd3 {[%clk 0:05:52]} dxe4 {[%clk 0:33:54]} 30. Bxe4
{[%clk 0:00:46]} Qg5 {[%clk 0:34:16]} 31. Ke1 {[%clk 0:01:14]} Qe5
{[%clk 0:17:18]} 32. Qc4 {[%clk 0:00:35]} Rf4 {[%clk 0:17:18]} 33. Rd4
{[%clk 0:00:38]} Bb5 {[%clk 0:17:32]} 34. Qb3 {[%clk 0:00:32]} Rxe4+
{[%clk 0:17:55]} 0-1

[Event "World Chess Olympiad 2018"]
[Site "Batumi"]
[Date "2018.09.26"]
[Round "3"]
[Board "2"]
[WhiteFideId "11200235"]
[White "Ayyad Maher"]
[BlackFideId "9202609"]
[Black "Abo Moliana Montasar"]
[Result "0-1"]
[LiveChessVersion "1.4.8"]
[BlackElo "1993"]
[WhiteElo "2106"]

1. d4 {[%clk 1:30:56]} Nf6 {[%clk 1:30:57]} 2. Nf3 {[%clk 1:31:17]} g6
{[%clk 1:31:22]} 3. g3 {[%clk 1:31:35]} Bg7 {[%clk 1:31:46]} 4. Bg2
{[%clk 1:32:00]} O-O {[%clk 1:32:09]} 5. O-O {[%clk 1:32:26]} d6 {[%clk 1:32:33]}
6. c4 {[%clk 1:32:50]} c6 {[%clk 1:32:55]} 7. Nc3 {[%clk 1:33:16]} Qa5
{[%clk 1:33:12]} 8. d5 {[%clk 1:33:36]} cxd5 {[%clk 1:24:52]} 9. cxd5
{[%clk 1:32:38]} b5 {[%clk 1:20:25]} 10. Nd4 {[%clk 1:14:01]} b4 {[%clk 1:20:15]}
11. Ne4 {[%clk 1:12:31]} Nxe4 {[%clk 1:15:26]} 12. Bxe4 {[%clk 1:11:49]} Bh3
{[%clk 1:15:36]} 13. Re1 {[%clk 1:11:46]} Na6 {[%clk 1:11:49]} 14. Bf3
{[%clk 1:10:36]} Nc5 {[%clk 1:06:46]} 15. Nc6 {[%clk 1:10:37]} Qc7
{[%clk 1:07:08]} 16. Nxb4 {[%clk 1:09:35]} a5 {[%clk 1:02:18]} 17. Nc6
{[%clk 1:08:34]} a4 {[%clk 1:02:28]} 18. Rb1 {[%clk 1:08:01]} e5 {[%clk 0:40:03]}
19. dxe6 {[%clk 0:58:48]} fxe6 {[%clk 0:40:07]} 20. Be3 {[%clk 0:58:20]} Rxf3
{[%clk 0:40:19]} 21. Ne7+ {[%clk 0:33:15]} Qxe7 {[%clk 0:40:26]} 22. exf3
{[%clk 0:33:42]} Qb7 {[%clk 0:39:59]} 23. b4 {[%clk 0:31:27]} axb3
{[%clk 0:39:31]} 24. Bxc5 {[%clk 0:29:10]} dxc5 {[%clk 0:39:34]} 25. Rxb3
{[%clk 0:29:38]} Qd5 {[%clk 0:36:10]} 26. Rd3 {[%clk 0:20:11]} Bd4
{[%clk 0:36:25]} 27. a4 {[%clk 0:18:18]} e5 {[%clk 0:36:14]} 28. Ra3
{[%clk 0:17:59]} c4 {[%clk 0:35:11]} 29. Qd2 {[%clk 0:17:24]} c3 {[%clk 0:34:58]}
30. Rxc3 {[%clk 0:17:34]} Rxa4 {[%clk 0:34:15]} 31. Rce3 {[%clk 0:08:59]} Qa8
{[%clk 0:25:06]} 32. Rb3 {[%clk 0:03:24]} Ra2 {[%clk 0:20:25]} 33. Rb8+
{[%clk 0:01:20]} Qxb8 {[%clk 0:20:43]} 34. Qxa2+ {[%clk 0:01:41]} Kg7
{[%clk 0:20:02]} 35. Rb1 {[%clk 0:01:41]} Qc8 {[%clk 0:19:23]} 36. Qe2
{[%clk 0:00:41]} Qc3 {[%clk 0:10:14]} 37. Rb7+ {[%clk 0:00:44]} Kh6
{[%clk 0:09:56]} 38. Qd1 {[%clk 0:00:45]} Qa1 {[%clk 0:07:26]} 39. Rb1
{[%clk 0:01:01]} Qa7 {[%clk 0:00:45]} 40. Qd2+ {[%clk 0:31:04]} Kg7
{[%clk 0:30:40]} 41. Qe2 {[%clk 0:29:09]} Qf7 {[%clk 0:26:24]} 42. Rc1
{[%clk 0:23:58]} Be6 {[%clk 0:24:12]} 43. Re1 {[%clk 0:20:48]} Bd5
{[%clk 0:24:04]} 44. Kg2 {[%clk 0:19:44]} g5 {[%clk 0:24:21]} 45. h3
{[%clk 0:16:36]} h5 {[%clk 0:24:28]} 46. g4 {[%clk 0:07:42]} hxg4
{[%clk 0:24:22]} 47. hxg4 {[%clk 0:08:11]} Qf4 {[%clk 0:24:03]} 48. Rg1
{[%clk 0:07:57]} Qxg4+ {[%clk 0:23:55]} 49. Kf1 {[%clk 0:01:10]} Qh3+
{[%clk 0:24:16]} 50. Ke1 {[%clk 0:00:56]} Bc3+ {[%clk 0:24:38]} 0-1

[Event "World Chess Olympiad 2018"]
[Site "Batumi"]
[Date "2018.09.26"]
[Round "3"]
[Board "3"]
[WhiteFideId "9205365"]
[White "Naser Eldean Ahmed"]
[BlackFideId "11200057"]
[Black "Al-Ghasra Ali"]
[Result "0-1"]
[LiveChessVersion "1.4.8"]
[BlackElo "2096"]
[WhiteElo "1906"]

1. e4 {[%clk 1:30:54]} c5 {[%clk 1:30:50]} 2. Nf3 {[%clk 1:31:17]} e6
{[%clk 1:31:09]} 3. d4 {[%clk 1:31:41]} cxd4 {[%clk 1:31:30]} 4. Nxd4
{[%clk 1:32:03]} a6 {[%clk 1:31:58]} 5. a3 {[%clk 1:31:15]} Nf6 {[%clk 1:32:00]}
6. Nc3 {[%clk 1:31:41]} Qc7 {[%clk 1:31:55]} 7. Be2 {[%clk 1:31:58]} b5
{[%clk 1:28:13]} 8. Be3 {[%clk 1:29:13]} Bb7 {[%clk 1:26:20]} 9. Bf3
{[%clk 1:26:12]} Nc6 {[%clk 1:26:00]} 10. O-O {[%clk 1:25:47]} Be7
{[%clk 1:20:37]} 11. g3 {[%clk 1:21:30]} Ne5 {[%clk 1:19:41]} 12. Bg2
{[%clk 1:18:13]} Nc4 {[%clk 1:19:34]} 13. Bc1 {[%clk 1:12:18]} Rc8
{[%clk 1:13:45]} 14. Qe2 {[%clk 1:02:34]} O-O {[%clk 1:07:42]} 15. b3
{[%clk 0:52:24]} Nb6 {[%clk 1:01:13]} 16. Bb2 {[%clk 0:49:17]} b4
{[%clk 0:47:04]} 17. axb4 {[%clk 0:43:33]} Bxb4 {[%clk 0:47:23]} 18. Na4
{[%clk 0:43:46]} Nxa4 {[%clk 0:42:38]} 19. Rxa4 {[%clk 0:44:10]} Qb6
{[%clk 0:39:50]} 20. c4 {[%clk 0:33:18]} Bc5 {[%clk 0:34:34]} 21. Qd3
{[%clk 0:31:27]} Ng4 {[%clk 0:31:27]} 22. h3 {[%clk 0:27:28]} Ne5
{[%clk 0:24:12]} 23. Qc3 {[%clk 0:27:36]} f6 {[%clk 0:22:40]} 24. Ne2
{[%clk 0:23:18]} d5 {[%clk 0:21:54]} 25. exd5 {[%clk 0:17:04]} exd5
{[%clk 0:17:16]} 26. Nf4 {[%clk 0:17:15]} Bc6 {[%clk 0:16:09]} 27. Bxd5+
{[%clk 0:17:02]} Kh8 {[%clk 0:14:23]} 28. Bxc6 {[%clk 0:16:21]} Qxc6
{[%clk 0:14:49]} 29. Nd5 {[%clk 0:15:47]} Rfd8 {[%clk 0:15:07]} 30. Rd1
{[%clk 0:14:36]} Qd7 {[%clk 0:13:23]} 31. Kg2 {[%clk 0:10:47]} Qf5
{[%clk 0:13:43]} 32. f3 {[%clk 0:10:45]} h5 {[%clk 0:13:10]} 33. Bc1
{[%clk 0:09:38]} Rb8 {[%clk 0:12:00]} 34. g4 {[%clk 0:07:31]} hxg4
{[%clk 0:12:00]} 35. hxg4 {[%clk 0:07:17]} Qb1 {[%clk 0:08:14]} 36. Rh1+
{[%clk 0:05:47]} Kg8 {[%clk 0:08:40]} 37. b4 {[%clk 0:05:28]} Bf8
{[%clk 0:07:55]} 38. Bf4 {[%clk 0:04:24]} Qg6 {[%clk 0:05:18]} 39. Bxe5
{[%clk 0:04:08]} fxe5 {[%clk 0:05:45]} 40. Ra2 {[%clk 0:31:03]} e4
{[%clk 0:35:53]} 41. Qe5 {[%clk 0:19:44]} exf3+ {[%clk 0:35:48]} 42. Kxf3
{[%clk 0:19:36]} Qd3+ {[%clk 0:29:49]} 43. Ne3 {[%clk 0:19:34]} Rb6
{[%clk 0:27:16]} 44. g5 {[%clk 0:15:58]} Bxb4 {[%clk 0:26:56]} 45. Rah2
{[%clk 0:12:03]} Rf8+ {[%clk 0:07:55]} 46. Kg4 {[%clk 0:12:24]} Qd7+
{[%clk 0:07:47]} 47. Nf5 {[%clk 0:12:34]} Rg6 48. Rh8+ {[%clk 0:04:04]} Kf7
{[%clk 0:06:21]} 49. Rxf8+ {[%clk 0:04:22]} Bxf8 {[%clk 0:05:51]} 50. Re1
{[%clk 0:01:18]} Re6 {[%clk 0:03:18]} 51. Qxe6+ {[%clk 0:01:41]} Qxe6
{[%clk 0:03:46]} 52. Rxe6 {[%clk 0:02:08]} Kxe6 {[%clk 0:04:15]} 53. Kf4
{[%clk 0:02:37]} a5 {[%clk 0:04:30]} 54. Ke4 {[%clk 0:02:49]} a4 {[%clk 0:04:23]}
55. Nd4+ {[%clk 0:02:58]} Kf7 {[%clk 0:04:32]} 56. Nb5 {[%clk 0:00:38]} a3
{[%clk 0:04:44]} 57. Nc3 {[%clk 0:00:56]} Kg6 {[%clk 0:03:49]} 58. Kf4
{[%clk 0:00:45]} Be7 {[%clk 0:04:13]} 59. Kg4 {[%clk 0:01:10]} Bxg5
{[%clk 0:03:24]} 60. c5 {[%clk 0:01:34]} Be7 {[%clk 0:03:49]} 61. c6
{[%clk 0:02:01]} Bd8 {[%clk 0:03:00]} 62. Kf4 {[%clk 0:01:57]} Kf6
{[%clk 0:03:23]} 63. Ke4 {[%clk 0:02:03]} Ke6 {[%clk 0:03:10]} 64. Kd4
{[%clk 0:01:15]} Bf6+ {[%clk 0:02:15]} 65. Kc4 {[%clk 0:00:33]} Bxc3
{[%clk 0:02:42]} 66. Kxc3 {[%clk 0:00:46]} g5 {[%clk 0:02:33]} 0-1